00307nam a2200121Ia 4500008004100000100002300041245004400064260002400108300000900132650002000141942000700161999001700168190216s9999||||xx |||||||||||||| ||und|| aElisabeth Bumiller 0aMay You Be The Mother Of A Hundred Sons bPenguin Booksc1991 a307p aEnglish General cBK c13995d13995